<?xml version="1.0" encoding="UTF-8"?>
<record
    xmlns:xsi="http://www.w3.org/2001/XMLSchema-instance"
    xsi:schemaLocation="http://www.loc.gov/MARC21/slim http://www.loc.gov/standards/marcxml/schema/MARC21slim.xsd"
    xmlns="http://www.loc.gov/MARC21/slim">

  <leader>01110nam a2200241Ia 4500</leader>
  <controlfield tag="005">20250622124033.0</controlfield>
  <controlfield tag="008">250617s9999||||xx |||||||||||||| ||ara||</controlfield>
  <datafield tag="017" ind1=" " ind2=" ">
    <subfield code="a">2024/10922</subfield>
    <subfield code="b">&#x645;&#x635;&#x631;. &#x62F;&#x627;&#x631; &#x627;&#x644;&#x643;&#x62A;&#x628;</subfield>
  </datafield>
  <datafield tag="020" ind1=" " ind2=" ">
    <subfield code="a">9789773445683</subfield>
  </datafield>
  <datafield tag="082" ind1="0" ind2="4">
    <subfield code="a">212</subfield>
    <subfield code="b">&#x645; &#x62A;</subfield>
  </datafield>
  <datafield tag="100" ind1="0" ind2=" ">
    <subfield code="a">&#x645;&#x62D;&#x645;&#x648;&#x62F; &#x627;&#x644;&#x62D;&#x633;&#x64A;&#x646;&#x649; &#x632;&#x64A;&#x62F;</subfield>
  </datafield>
  <datafield tag="245" ind1="1" ind2="0">
    <subfield code="a">&#x627;&#x644;&#x62A;&#x639;&#x627;&#x64A;&#x634; &#x627;&#x644;&#x62D;&#x636;&#x627;&#x631;&#x649; &#x628;&#x64A;&#x646; &#x627;&#x644;&#x645;&#x633;&#x644;&#x645;&#x64A;&#x646; &#x648;&#x623;&#x647;&#x644; &#x627;&#x644;&#x630;&#x645;&#x629; &#x641;&#x649; &#x645;&#x635;&#x631; &#x645;&#x646;&#x630; &#x627;&#x644;&#x641;&#x62A;&#x62D; &#x627;&#x644;&#x625;&#x633;&#x644;&#x627;&#x645;&#x649; &#x648;&#x62D;&#x62A;&#x649; &#x646;&#x647;&#x627;&#x64A;&#x629; &#x639;&#x635;&#x631; &#x627;&#x644;&#x648;&#x644;&#x627;&#x629; ( 20&#x647;&#x640; - 254&#x647;&#x640; / 641&#x645; - 868&#x645; ) : </subfield>
    <subfield code="b">&#x62F;&#x631;&#x627;&#x633;&#x629; &#x62A;&#x627;&#x631;&#x64A;&#x62E;&#x64A;&#x629; &#x62D;&#x636;&#x627;&#x631;&#x64A;&#x629; &#x648;&#x648;&#x62B;&#x627;&#x626;&#x642;&#x64A;&#x629; /</subfield>
    <subfield code="c">&#x62A;&#x623;&#x644;&#x64A;&#x641; &#x645;&#x62D;&#x645;&#x648;&#x62F; &#x627;&#x644;&#x62D;&#x633;&#x64A;&#x646;&#x649; &#x632;&#x64A;&#x62F;</subfield>
  </datafield>
  <datafield tag="250" ind1=" " ind2=" ">
    <subfield code="a">&#x637;1</subfield>
  </datafield>
  <datafield tag="260" ind1="3" ind2=" ">
    <subfield code="a">&#x627;&#x644;&#x642;&#x627;&#x647;&#x631;&#x629; :</subfield>
    <subfield code="b">"&#x62F;&#x627;&#x631; &#x627;&#x644;&#x622;&#x641;&#x627;&#x642; &#x627;&#x644;&#x639;&#x631;&#x628;&#x64A;&#x629;&#x60C;"</subfield>
    <subfield code="c">2025.</subfield>
  </datafield>
  <datafield tag="300" ind1=" " ind2=" ">
    <subfield code="a">498&#x635; :</subfield>
    <subfield code="b">&#x625;&#x64A;&#x636; &#x61B;</subfield>
    <subfield code="c">25&#x633;&#x645;.</subfield>
  </datafield>
  <datafield tag="650" ind1=" " ind2=" ">
    <subfield code="a">&#x623;&#x647;&#x644; &#x627;&#x644;&#x630;&#x645;&#x629; </subfield>
    <subfield code="z"> &#x645;&#x635;&#x631;</subfield>
  </datafield>
  <datafield tag="651" ind1=" " ind2=" ">
    <subfield code="a">&#x645;&#x635;&#x631; </subfield>
    <subfield code="x"> &#x627;&#x644;&#x623;&#x62D;&#x648;&#x627;&#x644; &#x627;&#x644;&#x627;&#x62C;&#x62A;&#x645;&#x627;&#x639;&#x64A;&#x629;</subfield>
  </datafield>
  <datafield tag="651" ind1=" " ind2=" ">
    <subfield code="a">&#x645;&#x635;&#x631; </subfield>
    <subfield code="x"> &#x627;&#x644;&#x623;&#x62E;&#x644;&#x627;&#x642; &#x627;&#x644;&#x625;&#x633;&#x644;&#x627;&#x645;&#x64A;&#x629;</subfield>
  </datafield>
  <datafield tag="651" ind1=" " ind2=" ">
    <subfield code="a">&#x645;&#x635;&#x631; </subfield>
    <subfield code="x"> &#x627;&#x644;&#x627;&#x633;&#x62A;&#x642;&#x631;&#x627;&#x631; &#x627;&#x644;&#x627;&#x62C;&#x62A;&#x645;&#x627;&#x639;&#x649;</subfield>
  </datafield>
  <datafield tag="651" ind1=" " ind2=" ">
    <subfield code="a">&#x645;&#x635;&#x631; </subfield>
    <subfield code="x"> &#x627;&#x644;&#x633;&#x644;&#x648;&#x643; &#x627;&#x644;&#x627;&#x62C;&#x62A;&#x645;&#x627;&#x639;&#x649;</subfield>
  </datafield>
  <datafield tag="942" ind1=" " ind2=" ">
    <subfield code="c">BK</subfield>
  </datafield>
  <datafield tag="999" ind1=" " ind2=" ">
    <subfield code="c">67602</subfield>
    <subfield code="d">67602</subfield>
  </datafield>
  <datafield tag="952" ind1=" " ind2=" ">
    <subfield code="0">0</subfield>
    <subfield code="1">0</subfield>
    <subfield code="4">0</subfield>
    <subfield code="7">0</subfield>
    <subfield code="a">CAI</subfield>
    <subfield code="b">CAI</subfield>
    <subfield code="c">&#x627;&#x644;&#x642;&#x627;&#x647;&#x631;&#x629;-&#x639;&#x631;&#x628;&#x649;	</subfield>
    <subfield code="d">2025-06-22</subfield>
    <subfield code="l">0</subfield>
    <subfield code="r">2025-06-22 12:40:33</subfield>
    <subfield code="w">2025-06-22</subfield>
    <subfield code="y">BK</subfield>
  </datafield>
</record>
